000 00730na a2200277 4500
001 22092
003 MIRAKIL
005 20181213155252.0
008 170210b tu 000 0
035 _a22092
040 _aMilas
_btur
_cTR-AnCHP
041 _atur
090 _aSHP 6
110 _aSosyaldemokrat Halkçı Parti (SHP)
245 _aTüzük
_b1985
_cSHP
246 _aSHP tüzüğü
246 _aSHP 1985 tüzüğü
260 _aAnkara
_b[SHP]
_c1985
300 _a64 s.
_c19 sm.
610 _aSosyaldemokrat Halkçı Parti (SHP)
_xTüzükler, 1985
651 _aTürkiye
_xSiyaset ve yönetim
_y1985
657 _aSHP tüzükleri
830 _aSHP tüzükleri
942 _2ddc
_cBKS
999 _c9610
_d9610